| 000 | 00970nas a2200313 4500 | ||
|---|---|---|---|
| 001 | BR9208675 | ||
| 003 | BR-BrBNA | ||
| 005 | 20231205093137.0 | ||
| 007 | ta | ||
| 008 | 230509b bl.|||p| |||| 00| 00por d | ||
| 040 |
_aBR-BrBNA _bpor _cBiblioteca Nacional de Agricultura |
||
| 041 | _a(Pt) | ||
| 072 | _aH10 | ||
| 100 | 1 | _aOsuna, J.A. | |
| 100 | 1 | _aAraujo, J.A.C. | |
| 100 | 1 | _aAraujo, S.M.C. | |
| 100 | 1 | _aBortoli, S.A. de | |
| 100 | 1 | _aBanzatto, D.A. | |
| 100 | 1 | _aMacedo, E.C. | |
| 245 | 1 | _aDanos de Heliothis zea (Boddie, 1850)(Lepidoptera, Noctuidae)sob efeito de adubos organico e mineral em tres genotipos de milho | |
| 650 | _aMILHO | ||
| 650 | _aPRAGA DE PLANTA | ||
| 650 | _aLAGARTA | ||
| 650 | _aADUBO ORGÂNICO | ||
| 650 | _aFERTILIDADE | ||
| 773 | 0 |
_tAnais da Sociedade Entomologica do Brasil (Brazil) _xISSN 0301-8059 _g(1989), v. 18(suppl.) p. 131-145 _wBR9208675 |
|
| 909 |
_a202311 _bLúcia _c55 _dLúcia Elande |
||
| 942 |
_2AGRIS _n0 _cANA |
||
| 999 |
_c136469 _d136469 |
||